Global change and challenge : geography for the 1990s

Saved in:
Bibliographic Details
Other Authors: Bennet, Robert John (Editor), Estall, Robert C. (Editor)
Format: Book
Language:English
Published: London : Routledge, c1991
Subjects:
Tags: Add Tag
No Tags, Be the first to tag this record!

MARC

LEADER 00000nam a2200000 i 4500
001 1/64036
008 930929s eng d
020 |a 0-415-00143-9 
035 |a ΛΕΣΒΟΣb10001315  |l 10001315 
040 |a GR-MY-UA  |b gre  |e aacr 
041 0 |a eng 
082 0 |a 910 
245 1 0 |a Global change and challenge :  |b geography for the 1990s /  |c Edited by Robert Bennett; Robert Estall 
260 |a London :   |b Routledge,   |c c1991 
300 |a 264 p. 
504 |a Includes bibliographical references and index 
650 0 0 |a Geography. 
700 1 |a Bennet, Robert John.  |4 edt 
700 1 |a Estall, Robert C.  |4 edt 
852 |a INST  |b LESVOS  |e 19930929  |h 910 GLO  |p 005100005344  |q 005100005344  |t BK  |y 0 
909 |a Λ  |b 027008